Ayurveda a life of balance : (Record no. 127573)
[ view plain ]
| 000 -LEADER | |
|---|---|
| fixed length control field | 00697nam a22002177a 4500 |
| 005 - DATE AND TIME OF LATEST TRANSACTION | |
| control field | 20170124110027.0 |
| 010 ## - LIBRARY OF CONGRESS CONTROL NUMBER | |
| LC control number | A-782301 |
| 020 ## - INTERNATIONAL STANDARD BOOK NUMBER | |
| Terms of availability | 00.00 |
| 035 ## - SYSTEM CONTROL NUMBER | |
| System control number | A-782301 |
| 037 ## - SOURCE OF ACQUISITION | |
| Source of stock number/acquisition | Cen Lib/Ret |
| 040 ## - CATALOGING SOURCE | |
| Original cataloging agency | DPL |
| Language of cataloging | EN |
| 082 ## - DEWEY DECIMAL CLASSIFICATION NUMBER | |
| Classification number | 613.2 |
| Item number | TIW |
| 100 ## - MAIN ENTRY--PERSONAL NAME | |
| Personal name | Tiwari, Maya |
| 9 (RLIN) | 20886 |
| 245 ## - TITLE STATEMENT | |
| Title | Ayurveda a life of balance : |
| Statement of responsibility, etc | by MayaTiwari |
| Remainder of title | the complete guide to ayurvedic nutrition and body types with recipes / |
| 260 ## - PUBLICATION, DISTRIBUTION, ETC. (IMPRINT) | |
| Place of publication, distribution, etc | U.S.A |
| Name of publisher, distributor, etc | Inner Traditions India |
| Date of publication, distribution, etc | 1995 |
| 270 ## - ADDRESS | |
| Address | One Park Steert, Rochester, Vermont |
| City | USA |
| 300 ## - PHYSICAL DESCRIPTION | |
| Extent | xiii,353p. : |
| Dimensions | 28cm(Hb) |
| Other physical details | ill. |
| 650 ## - SUBJECT ADDED ENTRY--TOPICAL TERM | |
| Topical term or geographic name as entry element | Medicine, Ayurvedic |
| 9 (RLIN) | 20887 |
| 650 ## - SUBJECT ADDED ENTRY--TOPICAL TERM | |
| Topical term or geographic name as entry element | Nutrition |
| 9 (RLIN) | 9307 |
| 942 ## - ADDED ENTRY ELEMENTS (KOHA) | |
| Source of classification or shelving scheme | Dewey Decimal Classification |
| Koha item type | English Books |
| Classification part | 613..2 |
| Call number suffix | TIW |
| Withdrawn status | Lost status | Damaged status | Not for loan | Home library | Current library | Date acquired | Source of acquisition | Cost, normal purchase price | Total Checkouts | Full call number | Barcode | Date last seen | Copy number | Cost, replacement price | Price effective from | Koha item type |
|---|---|---|---|---|---|---|---|---|---|---|---|---|---|---|---|---|
| Central Library | Central Library | 29/06/2015 | Cen Lib/Ret | 0.00 | 613.2 TIW | A-782301 | 29/06/2015 | 1 | 0.00 | 29/06/2015 | English Books |
